[Event "4NCL Online Division 5"]
[Site "online"]
[Date "2020.06.09"]
[Round "10.164"]
[White "Chen, Olivia"]
[Black "Barker, Ian"]
[Result "0-1"]
[WhiteElo "1307"]
[BlackElo "1510"]
[PlyCount "50"]
[EventDate "2020.06.09"]
[WhiteTeam "Warwickshire Bears D"]
[BlackTeam "Darnall & Handsworth"]

1. d4 e6 2. Nf3 f5 3. e3 Nf6 4. Bd3 Be7 5. c3 O-O 6. Nbd2 d6 7. O-O Qe8 8. Re1
Bd7 9. Qb3 Nc6 10. Qxb7 Rb8 11. Qxc7 Nd5 12. Qxb8 Qxb8 13. e4 Nf4 14. Nc4 Nxd3
15. Re2 Nxc1 16. Rxc1 fxe4 17. Rxe4 d5 18. Nce5 Nxe5 19. Rxe5 Qxb2 20. Ree1
Rxf3 21. gxf3 Bh4 22. Kh1 Bxf2 23. Rf1 e5 24. Rb1 Qe2 25. dxe5 Qxf3# 0-1

[Event "4NCL Online Division 5"]
[Site "online"]
[Date "2020.06.09"]
[Round "10.171"]
[White "Palmer, James C"]
[Black "Zhu, Hou Ning"]
[Result "0-1"]
[WhiteElo "1720"]
[BlackElo "1810"]
[PlyCount "78"]
[EventDate "2020.06.09"]
[WhiteTeam "St Albans 3"]
[BlackTeam "MCS Oxford Juniors"]

1. f4 d5 2. Nf3 g6 3. d4 Bg7 4. e3 Nf6 5. Bd3 c6 6. Nbd2 O-O 7. O-O Nbd7 8. Ne5
e6 9. Ndf3 c5 10. c3 b6 11. Bd2 Bb7 12. g4 Ne4 13. Qc2 Nxe5 14. dxe5 Nxd2 15.
Qxd2 Qc7 16. h4 f6 17. exf6 Bxf6 18. g5 Bg7 19. h5 gxh5 20. Qh2 e5 21. Nxe5
Bxe5 22. fxe5 Rfe8 23. Qxh5 Rxe5 24. Qh6 Rxe3 25. Bxh7+ Qxh7 26. Qxh7+ Kxh7 27.
Rf7+ Kg6 28. Rxb7 Rg3+ 29. Kf2 Rxg5 30. Rd7 Rf8+ 31. Ke3 Re5+ 32. Kd3 Rf3+ 33.
Kc2 a5 34. Rd1 Re2+ 35. Kb3 Rff2 36. Rd6+ Kf7 37. R1xd5 Rxb2+ 38. Kc4 Rf4+ 39.
Kd3 Rf6 0-1

[Event "4NCL Online Division 5"]
[Site "online"]
[Date "2020.06.09"]
[Round "10.172"]
[White "Khan, Samir"]
[Black "Kalyviotis, Alexandros"]
[Result "1-0"]
[WhiteElo "1600"]
[BlackElo "1600"]
[PlyCount "91"]
[EventDate "2020.06.09"]
[WhiteTeam "MCS Oxford Juniors"]
[BlackTeam "St Albans 3"]

1. e4 c5 2. Nf3 d6 3. d4 cxd4 4. Nxd4 Nf6 5. Nc3 a6 6. Bg5 e6 7. Bd3 Be7 8. O-O
O-O 9. f3 Qb6 10. Be3 Qxb2 11. Qd2 Qa3 12. Rfb1 Qa5 13. Nd5 Qd8 14. Nb6 Ra7 15.
Nxc8 Qxc8 16. Nxe6 Nc6 17. Nxf8 Ra8 18. Nxh7 Nxh7 19. f4 Bf6 20. c3 b5 21. a3
Nf8 22. Rf1 b4 23. axb4 Nxb4 24. cxb4 Bxa1 25. Rxa1 Ne6 26. f5 Nc7 27. Rc1 Qb7
28. f6 Rb8 29. fxg7 Ne6 30. Bh6 Nd4 31. Bxa6 Qb6 32. Qf2 Qxb4 33. Rf1 Kh7 34.
Qxf7 Rg8 35. Qxg8+ Kxg8 36. Rf8+ Kh7 37. g8=Q+ Kxh6 38. Qg3 Qb1+ 39. Rf1 Qxe4
40. Rf6+ Kh5 41. Qg7 Qe1+ 42. Bf1 Ne2+ 43. Kh1 Ng3+ 44. hxg3 Qxf1+ 45. Rxf1 d5
46. Rf5# 1-0

[Event "4NCL Online Division 5"]
[Site "online"]
[Date "2020.06.09"]
[Round "10.173"]
[White "Maton, Emily"]
[Black "Bridson, Ewan"]
[Result "1-0"]
[WhiteElo "1652"]
[BlackElo "1525"]
[PlyCount "73"]
[EventDate "2020.06.09"]
[WhiteTeam "St Albans 3"]
[BlackTeam "MCS Oxford Juniors"]

1. g3 e5 2. c4 Nf6 3. Bg2 Bc5 4. d3 O-O 5. Nf3 Nc6 6. Nc3 d6 7. Bg5 h6 8. Bxf6
Qxf6 9. O-O Bg4 10. Nd5 Qd8 11. a3 a5 12. Rb1 Re8 13. b4 axb4 14. axb4 Ba7 15.
Qd2 Ne7 16. Nxe7+ Qxe7 17. Rfc1 Bxf3 18. Bxf3 c6 19. b5 c5 20. Ra1 Bb6 21. Qb2
Kf8 22. Rxa8 Rxa8 23. Ra1 Qd8 24. Bxb7 Rb8 25. Bg2 f5 26. Qd2 g5 27. Qe3 f4 28.
Qe4 Kg7 29. Qf5 Rb7 30. Bxb7 Qc7 31. Be4 Kg8 32. Qg6+ Kf8 33. Qxh6+ Ke8 34.
Ra8+ Kd7 35. Bc6+ Ke7 36. Qf8+ Ke6 37. Re8+ 1-0

[Event "4NCL Online Division 5"]
[Site "online"]
[Date "2020.06.09"]
[Round "10.174"]
[White "Li, Reya"]
[Black "Angel, George"]
[Result "0-1"]
[WhiteElo "1450"]
[BlackElo "1472"]
[PlyCount "70"]
[EventDate "2020.06.09"]
[WhiteTeam "MCS Oxford Juniors"]
[BlackTeam "St Albans 3"]

1. e4 Nf6 2. e5 Nd5 3. d4 d6 4. c4 Nb6 5. exd6 cxd6 6. Nc3 g6 7. Nf3 Bg7 8. Be3
Bg4 9. h3 Bxf3 10. Qxf3 Nc6 11. Rd1 O-O 12. Be2 Nb4 13. O-O Nc2 14. Qe4 Nxe3
15. fxe3 Qc7 16. Nd5 Nxd5 17. cxd5 Qa5 18. Bc4 Rac8 19. Bb3 Qc7 20. Rc1 Qxc1
21. Rxc1 Rxc1+ 22. Kf2 Rfc8 23. Qxe7 Rb1 24. Qxb7 Rxb2+ 25. Kf3 Rc1 26. Qxa7
Rf1+ 27. Kg3 Rff2 28. Qe7 Rxg2+ 29. Kh4 Rbf2 30. Qxd6 Bf6+ 31. Qxf6 Rxf6 32. a4
Rb6 33. Bc4 Kg7 34. a5 g5+ 35. Kh5 Rh6# 0-1

[Event "4NCL Online Division 5"]
[Site "online"]
[Date "2020.06.09"]
[Round "10.181"]
[White "Gardner, Phillip K"]
[Black "Jeffs, David"]
[Result "1-0"]
[WhiteElo "1846"]
[BlackElo "1720"]
[PlyCount "51"]
[EventDate "2020.06.09"]
[WhiteTeam "Sheffield Deaf"]
[BlackTeam "Warley and Quinborne"]

1. e4 d6 2. d4 g6 3. f4 Bg7 4. Nf3 Bg4 5. Be2 Nf6 6. Nc3 Nbd7 7. e5 Bxf3 8.
Bxf3 dxe5 9. dxe5 Ng8 10. Bxb7 Rb8 11. Bc6 Rb6 12. Qxd7+ Qxd7 13. Bxd7+ Kxd7
14. Be3 Rxb2 15. O-O-O+ Kc8 16. Kxb2 e6 17. Bxa7 Ne7 18. Bc5 Nc6 19. Ne4 h6 20.
Rd3 g5 21. g3 g4 22. Rhd1 Bf8 23. Rd7 Kb7 24. Rxf7 Bxc5 25. Nxc5+ Kb6 26. Nxe6
1-0

[Event "4NCL Online Division 5"]
[Site "online"]
[Date "2020.06.09"]
[Round "10.183"]
[White "Gibson, Stephen"]
[Black "Lewis, John B"]
[Result "1-0"]
[WhiteElo "1510"]
[BlackElo "1465"]
[PlyCount "83"]
[EventDate "2020.06.09"]
[WhiteTeam "Sheffield Deaf"]
[BlackTeam "Warley and Quinborne"]

1. e4 e5 2. f4 Nc6 3. Nf3 d6 4. Bc4 Bg4 5. Bxf7+ Kxf7 6. Ng5+ Qxg5 7. fxg5 Bxd1
8. O-O+ Ke7 9. Rxd1 Nd4 10. Na3 Ne2+ 11. Kf2 Nxc1 12. Raxc1 Kd7 13. Ke2 Be7 14.
h4 Rf8 15. Rf1 a6 16. Nc4 b6 17. Rcd1 Ke8 18. Ne3 g6 19. Nd5 Kd7 20. d4 exd4
21. Rxd4 c5 22. Rd3 Rxf1 23. Kxf1 Bxg5 24. hxg5 Ne7 25. Nxb6+ Kc6 26. Nc4 Rd8
27. Ne5+ Kc7 28. Ng4 Nc6 29. c3 Ne5 30. Nxe5 dxe5 31. Rxd8 Kxd8 32. Ke2 Kd7 33.
Kd3 Kd6 34. Kc4 Kc6 35. b4 cxb4 36. cxb4 Kd6 37. a4 Kc6 38. b5+ axb5+ 39. axb5+
Kb6 40. Kd5 Kxb5 41. Kxe5 Kc6 42. Kf6 1-0

[Event "4NCL Online Division 5"]
[Site "online"]
[Date "2020.06.09"]
[Round "10.184"]
[White "Woodward, Pauline"]
[Black "Cooper, Darci"]
[Result "1-0"]
[WhiteElo "1262"]
[BlackElo "1375"]
[PlyCount "49"]
[EventDate "2020.06.09"]
[WhiteTeam "Warley and Quinborne"]
[BlackTeam "Sheffield Deaf"]

1. e4 e5 2. Nf3 d6 3. d4 Bg4 4. Be2 Bxf3 5. Bxf3 Nc6 6. dxe5 Nxe5 7. O-O Nf6 8.
Nc3 d5 9. exd5 Bb4 10. Re1 Bxc3 11. bxc3 Qd6 12. c4 O-O 13. Bf4 Nfd7 14. Bg4
Rad8 15. Bxd7 Qxd7 16. Bxe5 Rde8 17. Bb2 Rxe1+ 18. Qxe1 Qa4 19. Qc3 f6 20. h3
Qd7 21. Re1 c6 22. Ba3 Rc8 23. Re7 Qd8 24. Qg3 cxd5 25. Qxg7# 1-0

[Event "4NCL Online Division 5"]
[Site "online"]
[Date "2020.06.09"]
[Round "10.191"]
[White "Simpson, Derek"]
[Black "Gilmour, Ian"]
[Result "1-0"]
[WhiteElo "1675"]
[BlackElo "1397"]
[PlyCount "63"]
[EventDate "2020.06.09"]
[WhiteTeam "Broken Herts 1"]
[BlackTeam "Broken Herts 3"]

1. d4 d5 2. Nf3 Nf6 3. e3 Bg4 4. h3 Bxf3 5. Qxf3 e6 6. c4 Bb4+ 7. Bd2 Bxd2+ 8.
Nxd2 c6 9. Qg3 O-O 10. a3 a5 11. Be2 Nbd7 12. O-O c5 13. cxd5 Nxd5 14. e4 Ne7
15. dxc5 Nxc5 16. Qe3 Nd7 17. Nf3 e5 18. Bb5 Nc6 19. Rfd1 Qc7 20. Rac1 Nf6 21.
Nh4 Rfd8 22. Rxd8+ Rxd8 23. Nf5 g6 24. Bxc6 bxc6 25. Rxc6 Qd7 26. Rxf6 gxf5 27.
Rxf5 Qd4 28. Qg5+ Kh8 29. Qf6+ Kg8 30. Qxf7+ Kh8 31. Qf6+ Kg8 32. Rg5# 1-0

[Event "4NCL Online Division 5"]
[Site "online"]
[Date "2020.06.09"]
[Round "10.192"]
[White "Dometakis, Lakis"]
[Black "Elder, Kidge"]
[Result "1/2-1/2"]
[WhiteElo "1315"]
[BlackElo "1555"]
[PlyCount "109"]
[EventDate "2020.06.09"]
[WhiteTeam "Broken Herts 3"]
[BlackTeam "Broken Herts 1"]

1. e4 c5 2. Nf3 g6 3. Bc4 Bg7 4. O-O e6 5. c3 a6 6. d4 cxd4 7. cxd4 b5 8. Be2
Bb7 9. e5 d6 10. a3 Ne7 11. Nc3 dxe5 12. dxe5 O-O 13. Bf4 Nbc6 14. Qc1 Nf5 15.
Rd1 Qb6 16. Bd3 Nfd4 17. Nxd4 Nxd4 18. Be3 Bxe5 19. Bf1 Rfd8 20. Ne2 Nxe2+ 21.
Bxe2 Rxd1+ 22. Qxd1 Qd8 23. Qb3 Bd5 24. Qb4 Qf6 25. Rf1 Bxb2 26. Bh6 Bc3 27.
Qd6 Be5 28. Qd7 Bxh2+ 29. Kxh2 Qh4+ 30. Kg1 Qxh6 31. Bf3 Bxf3 32. gxf3 Qg5+ 33.
Kh2 Qd8 34. Qc6 Qc8 35. Qe4 Qc7+ 36. Kh3 Rd8 37. Qe3 Rd5 38. Rc1 Rh5+ 39. Kg2
Qh2+ 40. Kf1 Qb8 41. Qc3 Rh1+ 42. Kg2 Rxc1 43. Qxc1 Qd6 44. Qc8+ Kg7 45. Qc3+
f6 46. Qe3 h5 47. Qa7+ Kh6 48. Qe3+ g5 49. Qa7 h4 50. Qa8 Kg6 51. Qg8+ Kh6 52.
Qh8+ Kg6 53. Qg8+ Kh6 54. Qh8+ Kg6 55. Qg8+ 1/2-1/2

[Event "4NCL Online Division 5"]
[Site "online"]
[Date "2020.06.09"]
[Round "10.193"]
[White "Kapur, Gul"]
[Black "Cooper, John L"]
[Result "1-0"]
[WhiteElo "1510"]
[BlackElo "1247"]
[PlyCount "101"]
[EventDate "2020.06.09"]
[WhiteTeam "Broken Herts 1"]
[BlackTeam "Broken Herts 3"]

1. d4 d5 2. c4 Nf6 3. Nc3 dxc4 4. Bf4 e6 5. e3 Bb4 6. Bg5 O-O 7. Bxc4 b6 8. Nf3
Nbd7 9. Qa4 Bxc3+ 10. bxc3 Bb7 11. Ne5 Qc8 12. h4 Nxe5 13. dxe5 Ne4 14. Qc2 Nc5
15. f3 c6 16. Be7 Re8 17. Bxc5 bxc5 18. Rd1 Qc7 19. Qe4 Red8 20. Kf2 Qa5 21.
Rd6 Rxd6 22. exd6 Rd8 23. Qe5 Rd7 24. h5 h6 25. Rd1 Qd8 26. g3 Qg5 27. f4 Qg4
28. Rd2 Qf5 29. e4 Qxe5 30. fxe5 Kf8 31. Kf3 Ke8 32. Kf4 Bc8 33. g4 Rb7 34. Rg2
Bd7 35. g5 hxg5+ 36. Rxg5 Kf8 37. Rg3 Kg8 38. h6 g6 39. Kg5 Kh7 40. Rh3 Be8 41.
Kf6 Rd7 42. Ba6 Rd8 43. Kg5 Bd7 44. Rh2 Rf8 45. Rb2 Bc8 46. Bc4 Bd7 47. Rb7 Bc8
48. Rc7 Kg8 49. Rxa7 Rd8 50. Ra8 Kf8 51. Ba6 1-0

[Event "4NCL Online Division 5"]
[Site "online"]
[Date "2020.06.09"]
[Round "10.194"]
[White "Berkhout, Theo"]
[Black "Zsibrita, Steve"]
[Result "0-1"]
[WhiteElo "1067"]
[BlackElo "1495"]
[PlyCount "93"]
[EventDate "2020.06.09"]
[WhiteTeam "Broken Herts 3"]
[BlackTeam "Broken Herts 1"]

1. d4 d5 2. Bf4 e6 3. e3 Nf6 4. c3 h6 5. Bd3 Bd6 6. Bg3 O-O 7. Nf3 b6 8. Nbd2
a5 9. a4 Ba6 10. c4 Bb4 11. b3 Ne4 12. O-O Nxg3 13. fxg3 Nd7 14. Qe2 c5 15. Ne5
Nxe5 16. dxe5 Bb7 17. Rad1 Bxd2 18. Rxd2 Qg5 19. Bc2 Qxe5 20. Rf4 dxc4 21. bxc4
Rad8 22. Qf2 Rxd2 23. Qxd2 Bc6 24. Qd3 g6 25. Rh4 Qg5 26. Rf4 Qe5 27. h4 Qg7
28. g4 Be8 29. h5 g5 30. Rf6 Bxa4 31. Qh7+ Qxh7 32. Bxh7+ Kxh7 33. Rf2 Bb3 34.
Rb2 a4 35. Kf2 Rb8 36. Ke2 Bxc4+ 37. Kd2 a3 38. Rc2 b5 39. Kc1 a2 40. Kb2 Ra8
41. Rc1 b4 42. Ra1 b3 43. e4 Rd8 44. g3 Rd4 45. e5 Rxg4 46. Rf1 Kg7 47. Rc1 0-1

[Event "4NCL Online Division 5"]
[Site "online"]
[Date "2020.06.09"]
[Round "10.201"]
[White "Kirkman, Nigel J"]
[Black "Gemmell, Adam"]
[Result "0-1"]
[WhiteElo "1795"]
[BlackElo "1390"]
[PlyCount "60"]
[EventDate "2020.06.09"]
[WhiteTeam "East Cornwall Clowns"]
[BlackTeam "St Albans 4"]

1. c4 Nf6 2. g3 d5 3. cxd5 Nxd5 4. Bg2 g6 5. Nc3 Nxc3 6. bxc3 Bg7 7. e4 Nc6 8.
d4 O-O 9. Ne2 e5 10. Bb2 Bg4 11. f3 Bd7 12. O-O Ne7 13. Qc2 c6 14. Ba3 Re8 15.
Rab1 Qc7 16. f4 exf4 17. Nxf4 Rad8 18. Qb3 Bc8 19. Qxf7+ Kh8 20. Ne6 Bxe6 21.
Qxe6 Nd5 22. Qf7 Qxf7 23. Rxf7 Nxc3 24. Rbxb7 Bxd4+ 25. Kf1 c5 26. Rxh7+ Kg8
27. Rhf7 Rf8 28. Rf3 Nxe4 29. Ke2 Rfe8 30. Rff7 Nd6+ 0-1

[Event "4NCL Online Division 5"]
[Site "online"]
[Date "2020.06.09"]
[Round "10.202"]
[White "Wicks, Ben"]
[Black "Henderson, Jason"]
[Result "1-0"]
[WhiteElo "1442"]
[BlackElo "1705"]
[PlyCount "67"]
[EventDate "2020.06.09"]
[WhiteTeam "St Albans 4"]
[BlackTeam "East Cornwall Clowns"]

1. e4 e6 2. d4 d5 3. Nd2 Nf6 4. Bd3 c5 5. e5 Nfd7 6. c3 Nc6 7. Ne2 Qb6 8. Nf3
cxd4 9. cxd4 Bb4+ 10. Bd2 O-O 11. O-O f6 12. exf6 Nxf6 13. Bxb4 Qxb4 14. Qc2
Bd7 15. a3 Qe7 16. Ne5 Rac8 17. Qd2 Nxe5 18. dxe5 Ng4 19. Bb1 Bb5 20. Bd3 Bxd3
21. Qxd3 Nxe5 22. Qe3 Nc6 23. Nf4 Rce8 24. Rfe1 Rf6 25. Re2 Qf7 26. Nxd5 Rf5
27. Nc3 e5 28. Nb5 Rf8 29. Nd6 Qd5 30. Nxf5 Rxf5 31. Rd2 Qf7 32. Rad1 Nd4 33.
f4 Nc6 34. Rd8+ 1-0

[Event "4NCL Online Division 5"]
[Site "online"]
[Date "2020.06.09"]
[Round "10.203"]
[White "Jenkins, David R"]
[Black "Branch, Graham"]
[Result "0-1"]
[WhiteElo "1532"]
[BlackElo "1450"]
[PlyCount "102"]
[EventDate "2020.06.09"]
[WhiteTeam "East Cornwall Clowns"]
[BlackTeam "St Albans 4"]

1. e4 e6 2. f4 d5 3. e5 c5 4. Nf3 Nc6 5. Bb5 Bd7 6. Bxc6 Bxc6 7. c3 Qb6 8. d4
c4 9. O-O O-O-O 10. Nbd2 h6 11. Rb1 Qc7 12. b4 b5 13. h3 Be7 14. Nh2 h5 15. f5
Bd7 16. fxe6 Bxe6 17. Ndf3 f6 18. Qe1 Bf5 19. Rb2 Bd3 20. Rff2 Be4 21. g3 Nh6
22. Bf4 Qd7 23. Qf1 Bf5 24. exf6 Bxf6 25. Ne5 Bxe5 26. Bxe5 Bxh3 27. Qd1 Nf5
28. Qf3 Rh7 29. Rbe2 g6 30. Bf4 Rhh8 31. Re5 Qc6 32. Rfe2 Rhg8 33. Bg5 Rd7 34.
Re8+ Rxe8 35. Rxe8+ Kb7 36. Qf4 Qc7 37. Re5 Rf7 38. Qf3 Rd7 39. Rxd5 Rxd5 40.
Bf4 Qc6 41. Qe4 Rd7 42. Qe2 Re7 43. Qf3 Qxf3 44. Nxf3 Re2 45. Ne5 Rxa2 46. Nxg6
Rg2+ 47. Kh1 Nxg3+ 48. Bxg3 Rxg3 49. Kh2 Rxc3 50. Nf4 Bg4 51. Nd5 Rd3 0-1

[Event "4NCL Online Division 5"]
[Site "online"]
[Date "2020.06.09"]
[Round "10.204"]
[White "Rose, Samuel"]
[Black "Young, Andy"]
[Result "0-1"]
[WhiteElo "1075"]
[BlackElo "1532"]
[PlyCount "106"]
[EventDate "2020.06.09"]
[WhiteTeam "St Albans 4"]
[BlackTeam "East Cornwall Clowns"]

1. e4 c6 2. Nf3 d5 3. exd5 cxd5 4. d4 Bf5 5. Bb5+ Nc6 6. O-O e6 7. Ne5 Qc7 8.
Nc3 Bd6 9. Re1 f6 10. g4 Bg6 11. Nxg6 Bxh2+ 12. Kf1 hxg6 13. Nxd5 Qd6 14. c4
O-O-O 15. Qe2 Nxd4 16. Qe4 Nxb5 17. Bf4 Bxf4 18. Nxf4 Nc7 19. Nxg6 Rh1+ 20.
Qxh1 Qd3+ 21. Kg1 Qxg6 22. f3 f5 23. Rad1 fxg4 24. Rxd8+ Kxd8 25. Qh4+ Nf6 26.
Qh8+ Nce8 27. f4 Ke7 28. Qh4 Qf5 29. Qf2 b6 30. Re5 Qb1+ 31. Qe1 Qxe1+ 32. Rxe1
Nd6 33. b3 Nh5 34. f5 Nxf5 35. Re5 Nf4 36. c5 bxc5 37. Rxc5 g5 38. Rc7+ Kd6 39.
Rxa7 Ke5 40. Rg7 Kf6 41. Rc7 g3 42. a4 Nh4 43. Rc2 Nf3+ 44. Kh1 Kf5 45. a5 Nd4
46. a6 Nb5 47. Rc5+ e5 48. Rxb5 g2+ 49. Kg1 Kg4 50. Rb4 Kg3 51. Rxf4 exf4 52.
a7 f3 53. a8=Q f2# 0-1

[Event "4NCL Online Division 5"]
[Site "online"]
[Date "2020.06.09"]
[Round "10.211"]
[White "Lingard, Geoffrey W"]
[Black "Khan, Tariqul"]
[Result "0-1"]
[WhiteElo "1765"]
[BlackElo "1900"]
[PlyCount "112"]
[EventDate "2020.06.09"]
[WhiteTeam "Bude Surfers"]
[BlackTeam "East London Knights"]

1. f4 g6 2. Nf3 Bg7 3. e3 d5 4. Nc3 Nf6 5. Rb1 O-O 6. b3 Nc6 7. Bb5 Bd7 8. O-O
a6 9. Bxc6 Bxc6 10. Qe1 b6 11. Bb2 Bb7 12. Qh4 c5 13. Ng5 h6 14. Nf3 b5 15. g4
e6 16. d3 Ne8 17. Qg3 d4 18. exd4 Bxf3 19. Qxf3 Bxd4+ 20. Kh1 Nd6 21. Ne4 Bxb2
22. Rxb2 Rc8 23. Rbb1 f5 24. Nxd6 Qxd6 25. Rbe1 Qc6 26. h3 Kf7 27. Kh2 Qxf3 28.
Rxf3 Rfd8 29. Rfe3 Rd6 30. Kg3 b4 31. Re5 a5 32. R1e2 Rcc6 33. Kf3 Kf6 34. Kg3
Rd5 35. Rxd5 exd5 36. Re5 Rd6 37. gxf5 gxf5 38. Kh4 Rd8 39. Kh5 Rd6 40. Re8 c4
41. Rh8 Kg7 42. Ra8 cxb3 43. Ra7+ Kf6 44. axb3 Rc6 45. Rxa5 Rxc2 46. Rxd5 Rc3
47. Kxh6 Rxb3 48. Rd6+ Ke7 49. Rd4 Rb1 50. Kg5 Ke6 51. Rc4 Rg1+ 52. Kh4 b3 53.
Rb4 Rb1 54. Kg3 b2 55. Kf3 Rf1+ 56. Ke2 b1=Q 0-1

[Event "4NCL Online Division 5"]
[Site "online"]
[Date "2020.06.09"]
[Round "10.212"]
[White "Maraiyesa, Wole"]
[Black "Constable, Christine F"]
[Result "1-0"]
[WhiteElo "1900"]
[BlackElo "1577"]
[PlyCount "55"]
[EventDate "2020.06.09"]
[WhiteTeam "East London Knights"]
[BlackTeam "Bude Surfers"]

1. Nf3 Nf6 2. d4 g6 3. c4 Bg7 4. Nc3 d6 5. Bg5 O-O 6. Qd2 c5 7. Bh6 cxd4 8.
Nxd4 Nbd7 9. Bxg7 Kxg7 10. O-O-O Nc5 11. f3 a5 12. e4 Bd7 13. h4 h5 14. Be2 a4
15. Rdg1 Qa5 16. Qe3 a3 17. b3 e5 18. Ndb5 Qb6 19. Qd2 Qa5 20. Kc2 Qb4 21. Qxd6
Rfd8 22. Qxe5 Be6 23. g4 Na4 24. g5 Kg8 25. gxf6 Nb2 26. Rxg6+ Kh7 27. Rg7+ Kh8
28. Qxh5# 1-0

[Event "4NCL Online Division 5"]
[Site "online"]
[Date "2020.06.09"]
[Round "10.213"]
[White "Constable, John"]
[Black "Kamath, Vikram"]
[Result "1-0"]
[WhiteElo "1562"]
[BlackElo "1787"]
[PlyCount "117"]
[EventDate "2020.06.09"]
[WhiteTeam "Bude Surfers"]
[BlackTeam "East London Knights"]

1. Nf3 d5 2. c4 e6 3. g3 Nd7 4. Bg2 Bd6 5. O-O c6 6. d4 Ngf6 7. b3 h6 8. Nc3
O-O 9. Bb2 Re8 10. cxd5 exd5 11. Re1 Nf8 12. Nd2 Bf5 13. e4 dxe4 14. Ndxe4 Bb4
15. Nxf6+ Qxf6 16. Ne4 Qg6 17. Nc3 Nd7 18. a3 Bxc3 19. Bxc3 Bc2 20. Qd2 Nb6 21.
b4 Be4 22. Qf4 Bxg2 23. Kxg2 Nd5 24. Qd2 Re6 25. Re5 Rae8 26. Rae1 Rxe5 27.
dxe5 Qg4 28. f3 Qe6 29. Bb2 Nb6 30. Bd4 Rd8 31. Qc3 Qc4 32. Qxc4 Nxc4 33. Bxa7
Nxa3 34. Re2 Nc4 35. Bc5 b6 36. Bf2 Kf8 37. f4 Ke8 38. e6 b5 39. exf7+ Kxf7 40.
Bc5 Rd2 41. Kf2 Rxe2+ 42. Kxe2 g6 43. g4 h5 44. h3 hxg4 45. hxg4 Ke6 46. Kf3
Nd2+ 47. Ke3 Nc4+ 48. Kd4 Kd7 49. Bf8 Nb6 50. Ke5 Nc4+ 51. Kf6 Ne3 52. g5 Nd5+
53. Kxg6 Nxf4+ 54. Kf7 Nd3 55. Bh6 Nf4 56. g6 Nxg6 57. Kxg6 Ke6 58. Be3 Kd5 59.
Bc5 1-0

[Event "4NCL Online Division 5"]
[Site "online"]
[Date "2020.06.09"]
[Round "10.214"]
[White "Islam, Mohammed"]
[Black "Russell, Lloyd"]
[Result "1-0"]
[WhiteElo "1780"]
[BlackElo "1210"]
[PlyCount "61"]
[EventDate "2020.06.09"]
[WhiteTeam "East London Knights"]
[BlackTeam "Bude Surfers"]

1. d4 d5 2. c4 c6 3. Nf3 Bg4 4. Nbd2 Nf6 5. e3 e6 6. Bd3 c5 7. O-O cxd4 8. exd4
dxc4 9. Bxc4 Bd6 10. Qa4+ Nbd7 11. Ne5 O-O 12. Ndf3 Bxf3 13. Nxf3 Nb6 14. Qb3
Rc8 15. Bd3 Rc7 16. Bg5 Nbd5 17. Ne5 Qb8 18. Bc4 a6 19. Bxf6 Nxf6 20. Bxe6 Bxe5
21. dxe5 Ng4 22. Bxg4 Rd8 23. Rfd1 b5 24. e6 fxe6 25. Qxe6+ Kh8 26. Rxd8+ Qxd8
27. Re1 Re7 28. Qxe7 Qg8 29. Be6 Qb8 30. Bf7 g6 31. Qf6# 1-0

[Event "4NCL Online Division 5"]
[Site "online"]
[Date "2020.06.09"]
[Round "10.221"]
[White "Chung, Michael"]
[Black "Bonner, Dennis M"]
[Result "1-0"]
[WhiteElo "1615"]
[BlackElo "1540"]
[PlyCount "147"]
[EventDate "2020.06.09"]
[WhiteTeam "Streatham C"]
[BlackTeam "Shropshire 4"]

1. e4 c5 2. Nf3 d6 3. c4 Nf6 4. Nc3 e6 5. d3 a6 6. Be2 Be7 7. a3 Nc6 8. O-O O-O
9. h3 h6 10. Rb1 a5 11. Be3 e5 12. Nd5 Nxd5 13. cxd5 Nd4 14. Bxd4 exd4 15. a4
Bd7 16. b3 f6 17. Qd2 g5 18. Nh2 f5 19. f4 fxe4 20. dxe4 gxf4 21. Nf3 Rf7 22.
Kh2 Rg7 23. Rf2 Qf8 24. e5 Be8 25. Rbf1 b6 26. Bc4 Kh8 27. Qe2 Bh5 28. Qe1 Bxf3
29. Rxf3 dxe5 30. Qxe5 Bd6 31. Qe4 Re8 32. Qd3 Re3 33. Qd1 Rg3 34. Kh1 Qg7 35.
Qd2 Rgxf3 36. Rxf3 Rxf3 37. gxf3 Qg3 38. Qg2 Qxg2+ 39. Kxg2 Kg7 40. Bd3 Kf6 41.
Be4 Kg5 42. Bd3 h5 43. Be4 h4 44. Kf2 Kf6 45. Ke2 Ke5 46. Kd3 Kf6 47. Kc4 Ke7
48. Kb5 Kd7 49. Kxb6 Bc7+ 50. Kxc5 Bd6+ 51. Kxd4 Kc7 52. Kc4 Kb6 53. Bf5 Ka6
54. Bd7 Kb6 55. Kd4 Bc7 56. Bc6 Bd6 57. Kc4 Bc5 58. Kd3 Bd6 59. Kd4 Bc7 60. Ke4
Kc5 61. Bb5 Kb6 62. Kf5 Kc5 63. Ke6 Bd6 64. Bc4 Bb8 65. Kf6 Bd6 66. Kg5 Be7+
67. Kxf4 Bd6+ 68. Kg4 Be7 69. f4 Kd6 70. Kf5 Bd8 71. Kg6 Kd7 72. Kf7 Kd6 73.
Kg6 Ke7 74. f5 1-0

[Event "4NCL Online Division 5"]
[Site "online"]
[Date "2020.06.09"]
[Round "10.222"]
[White "Birch, James"]
[Black "Yordanov, Denislav"]
[Result "1-0"]
[WhiteElo "1502"]
[BlackElo "1412"]
[PlyCount "137"]
[EventDate "2020.06.09"]
[WhiteTeam "Shropshire 4"]
[BlackTeam "Streatham C"]

1. c4 e5 2. g3 Nf6 3. Bg2 Bc5 4. e3 O-O 5. a3 a5 6. Nc3 d6 7. Nge2 Bf5 8. O-O
Qd7 9. d4 Bb6 10. dxe5 dxe5 11. Qxd7 Nbxd7 12. Bxb7 Rab8 13. Bg2 Rfe8 14. b4
Bd3 15. c5 Ba7 16. Na2 Bxe2 17. Re1 Bc4 18. Bd2 Bxa2 19. Rxa2 axb4 20. axb4
Bxc5 21. bxc5 Nxc5 22. Rc1 Nb3 23. Rxc7 Nxd2 24. Rxd2 Rbc8 25. Ra7 Rcd8 26.
Rda2 e4 27. Bh3 h6 28. Rc7 Ra8 29. Rac2 Kh7 30. Rxf7 Rf8 31. Rfc7 Rae8 32. R2c4
Ra8 33. Bf5+ Kh8 34. Bxe4 Nxe4 35. Rxe4 Ra1+ 36. Kg2 Ra2 37. Rf4 Rxf4 38. gxf4
Ra8 39. h4 Rf8 40. e4 Rxf4 41. f3 Rxh4 42. e5 Ra4 43. Kg3 Ra8 44. f4 Kg8 45.
Kg4 Kh7 46. Kf5 Rf8+ 47. Ke4 Kg6 48. Rc6+ Kh5 49. e6 Re8 50. Ke5 Kg6 51. Kd6
Kf6 52. Kd7 Ra8 53. e7+ Kf7 54. Rc7 Re8 55. Kd6 h5 56. Rc5 g6 57. f5 g5 58. f6
Kxf6 59. Kd7 Kf7 60. Rf5+ Kg6 61. Kxe8 Kxf5 62. Kf7 h4 63. e8=Q Kg4 64. Qe2+
Kh3 65. Qf3+ Kh2 66. Qg4 h3 67. Qxg5 Kh1 68. Qf5 h2 69. Qf1# 1-0

[Event "4NCL Online Division 5"]
[Site "online"]
[Date "2020.06.09"]
[Round "10.223"]
[White "Isaacs, Ruairi"]
[Black "Holyhead, James"]
[Result "0-1"]
[WhiteElo "1360"]
[BlackElo "1330"]
[PlyCount "54"]
[EventDate "2020.06.09"]
[WhiteTeam "Streatham C"]
[BlackTeam "Shropshire 4"]

1. d4 Nf6 2. Nc3 g6 3. a3 Bg7 4. Bg5 d6 5. a4 Nbd7 6. Ra3 c6 7. Rb3 c5 8. e3
cxd4 9. exd4 h6 10. Bf4 g5 11. Be3 Nf8 12. h3 Ng6 13. Nf3 Be6 14. Bd3 Bxb3 15.
cxb3 Rc8 16. Nb5 a6 17. Na7 Ra8 18. Nc6 bxc6 19. g4 Nd5 20. Rg1 Qa5+ 21. Ke2
Ngf4+ 22. Kf1 Nxh3 23. Rh1 Nhf4 24. Bf5 Nxe3+ 25. Kg1 Nxd1 26. Kh2 e6 27. Bc2
Bxd4 0-1

[Event "4NCL Online Division 5"]
[Site "online"]
[Date "2020.06.09"]
[Round "10.224"]
[White "Hollands, Sam"]
[Black "Adatia, Amar"]
[Result "0-1"]
[WhiteElo "1180"]
[BlackElo "1247"]
[PlyCount "84"]
[EventDate "2020.06.09"]
[WhiteTeam "Shropshire 4"]
[BlackTeam "Streatham C"]

1. c4 e5 2. g3 Nf6 3. Nc3 Be7 4. Bg2 O-O 5. d3 d6 6. Nf3 Nc6 7. O-O Be6 8. a3
a5 9. Rb1 d5 10. Nb5 dxc4 11. dxc4 Bxc4 12. Nc3 Qxd1 13. Rxd1 Rfd8 14. Be3
Rxd1+ 15. Rxd1 Rd8 16. Rxd8+ Bxd8 17. Bh3 b5 18. Bc5 b4 19. Na4 bxa3 20. Bxa3
Bxe2 21. Ng5 Nd5 22. Nc5 Bxg5 23. Ne4 Be7 24. Bxe7 Ncxe7 25. Bg2 f5 26. Nc3
Nxc3 27. bxc3 e4 28. f4 exf3 29. Kf2 fxg2 30. Kxg2 a4 31. Kf2 a3 32. Kxe2 a2
33. Kd3 a1=Q 34. Kd4 Qd1+ 35. Kc4 Qd5+ 36. Kb4 Nc6+ 37. Ka3 Na5 38. Kb2 Qd2+
39. Ka3 c5 40. Ka4 Nb7 41. Kb5 Qd7+ 42. Kc4 Kf7 0-1

[Event "4NCL Online Division 5"]
[Site "online"]
[Date "2020.06.09"]
[Round "10.231"]
[White "Barry, Brendan"]
[Black "Brett, Alex I"]
[Result "1-0"]
[WhiteElo "1315"]
[BlackElo "1480"]
[PlyCount "57"]
[EventDate "2020.06.09"]
[WhiteTeam "Hatch End B"]
[BlackTeam "Wimbledon 3"]

1. e4 Nf6 2. Nc3 d5 3. d4 dxe4 4. Nge2 Bg4 5. h3 Bh5 6. g4 Bg6 7. Bf4 e6 8. Qd2
Bb4 9. a3 Ba5 10. O-O-O Nd5 11. Bg2 Nc6 12. b4 Bb6 13. h4 Nxf4 14. Qxf4 f5 15.
h5 Bf7 16. gxf5 exf5 17. Qxf5 Qe7 18. d5 Ne5 19. Bxe4 g6 20. hxg6 Bxg6 21. Qe6
Bxe4 22. Nxe4 Qxe6 23. dxe6 Bxf2 24. Rh5 Be3+ 25. Kb1 Nc4 26. Ka2 h6 27. Rd7
Nb6 28. Nf6+ Kf8 29. Rf7# 1-0